| 000 | 00729nam a2200229 i 4500 | ||
|---|---|---|---|
| 001 | bg | ||
| 003 | BPK | ||
| 005 | 20230224140812.0 | ||
| 008 | 950505s1978 pl f 000 0 pol | ||
| 040 | _cBPK | ||
| 041 | _apol | ||
| 080 | _a666.3/.7 | ||
| 245 | 0 |
_aPoradnik pracownika cegielni : _bpraca zbiorowa / _caut. Leszek Drążewski [et al.]. |
|
| 260 |
_aWarszawa : _b"Arkady", _c1978. |
||
| 300 |
_a420 s., [3] k. tabl. : _bil. ; _c21 cm. |
||
| 504 | _aBibliogr. s. [419]-420. | ||
| 650 | 4 | _aCegielnictwo | |
| 700 | 1 | _aDrążewski, Leszek. | |
| 710 | 2 |
_aWydawnictwo "Arkady". _4pbl. |
|
| 942 |
_cKS _2UKD |
||
| 856 |
_uhttp://koha.tu.koszalin.pl/cgi-bin/koha/opac-detail.pl?biblionumber=9833 _yKatalog online BPK |
||
| 999 |
_c9833 _d9833 |
||